[Event "Premiere Neige"]
[Site "Montreal CAN"]
[Date "1993.11.27"]
[Round "2"]
[White "Picard, Claude"]
[Black "Rousseau, Daniel"]
[Result "0-1"]
[WhiteElo "2000"]
[BlackElo "2050"]
[PlyCount "58"]
[GameId "2160767912261518"]
[EventDate "1993.11.27"]
[EventType "swiss"]
[EventRounds "4"]
[EventCountry "CAN"]
[SourceTitle "hb 2011"]

1. d4 Nf6 2. c4 g6 3. Nc3 Bg7 4. e4 d6 5. f3 O-O 6. Be3 Nc6 7. Nge2 a6 8. Qd2 Rb8 9. Nc1 e5 10. Nb3 exd4 11. Nxd4 Ne5 12. O-O-O Re8 13. Be2 Bd7 14. Nc2 b5 15. c5 b4 16. Nd5 Nxd5 17. exd5 b3 18. axb3 Rxb3 19. Nd4 Rxe3 20. Qxe3 Nc4 21. Qc3 Nxb2 22. Qxb2 dxc5 23. Bxa6 cxd4 24. Rhe1 Qg5+ 25. Qd2 Qxd5 26. Rxe8+ Bxe8 27. Qd3 Ba4 28. Re1 Qa2 29. f4 Qa1+ 0-1

[Event "Premiere Neige"]
[Site "Montreal CAN"]
[Date "1993.11.28"]
[Round "3"]
[White "Koliada, Timour"]
[Black "Rousseau, Daniel"]
[Result "1-0"]
[WhiteElo "2200"]
[BlackElo "2050"]
[PlyCount "79"]
[GameId "2160767912261519"]
[EventDate "1993.11.27"]
[EventType "swiss"]
[EventRounds "4"]
[EventCountry "CAN"]
[SourceTitle "hb 2011"]

1. d4 Nf6 2. c4 g6 3. Nc3 Bg7 4. e4 d6 5. f3 O-O 6. Be3 Nc6 7. Nge2 a6 8. Qd2 Rb8 9. h4 h5 10. Nc1 e5 11. d5 Nd4 12. N1e2 c5 13. dxc6 bxc6 14. Nxd4 exd4 15. Bxd4 d5 16. cxd5 cxd5 17. e5 Re8 18. O-O-O Nd7 19. f4 Qa5 20. g4 Nc5 21. gxh5 Bf5 22. Bxc5 Qxc5 23. hxg6 Bh6 24. gxf7+ Kxf7 25. Bg2 Rxe5 26. Bxd5+ Kf8 27. Rhg1 Rb4 28. Rg8+ Ke7 29. Rg5 Bxg5 30. hxg5 Re3 31. Bb3 Rd3 32. Qe2+ Re3 33. Rd5 Rxb3 34. Rxc5 Rbxc3+ 35. bxc3 Rxe2 36. Rxf5 Rxa2 37. g6 Rg2 38. Rg5 Rxg5 39. fxg5 Kf8 40. c4 1-0

[Event "Premiere Neige"]
[Site "Montreal CAN"]
[Date "1993.11.28"]
[Round "4"]
[White "Rousseau, Daniel"]
[Black "Leger, Manon"]
[Result "1-0"]
[WhiteElo "2050"]
[BlackElo "1850"]
[PlyCount "127"]
[GameId "2160767912261520"]
[EventDate "1993.11.27"]
[EventType "swiss"]
[EventRounds "4"]
[EventCountry "CAN"]
[SourceTitle "hb 2011"]

1. d4 d5 2. c4 e6 3. Nc3 c5 4. cxd5 exd5 5. Nf3 Nc6 6. g3 Nf6 7. Bg2 Be7 8. O-O O-O 9. dxc5 Bxc5 10. Bg5 d4 11. Bxf6 Qxf6 12. Nd5 Qd8 13. Nd2 Re8 14. Rc1 Bb6 15. Nc4 Bg4 16. Re1 Ba5 17. Nxa5 Qxa5 18. b4 Nxb4 19. Qd2 Nc6 20. Qg5 d3 21. Nf6+ Kh8 22. Qxa5 Nxa5 23. Nxe8 d2 24. Nd6 dxe1=Q+ 25. Rxe1 Be6 26. Rc1 Rd8 27. Ne4 Rc8 28. Rxc8+ Bxc8 29. Ng5 f6 30. Nf7+ Kg8 31. Bd5 Kf8 32. Nd6 Bd7 33. Nxb7 Nxb7 34. Bxb7 Ke7 35. Bd5 Kd6 36. Bg8 h6 37. Kf1 Kc5 38. Ke1 Kb4 39. Kd2 Bf5 40. f3 Kc5 41. Kc3 Bh3 42. g4 Kd6 43. Kd4 f5 44. gxf5 Bxf5 45. e4 Bh3 46. f4 Bd7 47. h4 Be8 48. e5+ Ke7 49. Kc5 g6 50. Bd5 Bd7 51. Be4 Be8 52. Bc6 Bf7 53. a4 Be6 54. Be4 Bf7 55. a5 Be8 56. Bc6 Bf7 57. Kb5 Ke6 58. Be4 g5 59. fxg5 hxg5 60. hxg5 Kxe5 61. Bc6 Kf5 62. Ka6 Kxg5 63. Kxa7 Kf6 64. Kb6 1-0

[Event "Montreal op"]
[Site "Montreal CAN"]
[Date "1993.09.04"]
[Round "1"]
[White "David, Benoit"]
[Black "Rousseau, Daniel"]
[Result "0-1"]
[WhiteElo "1850"]
[BlackElo "2129"]
[PlyCount "82"]
[GameId "2160767912269966"]
[EventDate "1993.09.04"]
[EventType "swiss"]
[EventRounds "5"]
[EventCountry "CAN"]
[SourceTitle "hb 2011"]

1. e4 e5 2. Nf3 Nc6 3. Bb5 a6 4. Bxc6 dxc6 5. O-O Qd6 6. Na3 Be6 7. d4 O-O-O 8. c3 exd4 9. cxd4 Qd7 10. Nc2 f6 11. Qe2 g5 12. Rd1 g4 13. Nh4 Qf7 14. Ne3 Ne7 15. b3 Ng6 16. Nhf5 h5 17. Qc2 Rg8 18. d5 cxd5 19. Nd4 dxe4 20. Qxe4 Bd7 21. Nc4 Re8 22. Qc2 Kb8 23. Be3 Ne5 24. Na5 Bd6 25. Rac1 Qg6 26. Qc3 Qe4 27. Nf5 Bxf5 28. Rxd6 Rc8 29. Rxf6 Nf3+ 30. Kh1 Nh4 31. Rg1 Qd5 32. Qd4 Qxd4 33. Bxd4 Rge8 34. Nc4 b5 35. Ne3 Be4 36. Rh6 Rcd8 37. Rxh5 Nxg2 38. Nxg2 Rxd4 39. h3 Rd2 40. hxg4 Rxf2 41. Rh2 Rxa2 0-1

[Event "Montreal op"]
[Site "Montreal CAN"]
[Date "1993.09.05"]
[Round "2"]
[White "Rousseau, Daniel"]
[Black "Fillion, Steve"]
[Result "1-0"]
[WhiteElo "2129"]
[BlackElo "2000"]
[PlyCount "99"]
[GameId "2160767912269970"]
[EventDate "1993.09.04"]
[EventType "swiss"]
[EventRounds "5"]
[EventCountry "CAN"]
[SourceTitle "hb 2011"]

1. e4 e6 2. d4 d5 3. Nc3 Nf6 4. e5 Nfd7 5. f4 c5 6. Nf3 Nc6 7. Be3 cxd4 8. Nxd4 Bc5 9. Qd2 Bxd4 10. Bxd4 Nxd4 11. Qxd4 Qb6 12. Qxb6 Nxb6 13. Nb5 Ke7 14. Bd3 Bd7 15. Nd4 Na4 16. Rb1 Nc5 17. Kd2 h5 18. Rhf1 g6 19. Rf3 Rac8 20. Re1 a6 21. Ree3 Na4 22. Kc1 Nc5 23. Rh3 Rhd8 24. b3 Be8 25. Kb2 Rc7 26. Rh4 Bd7 27. Reh3 Rcc8 28. g4 hxg4 29. Rxg4 Rh8 30. Rgh4 Rxh4 31. Rxh4 Kf8 32. a4 Kg7 33. Nf3 Rh8 34. Rxh8 Kxh8 35. Kc3 a5 36. Kd4 b6 37. Nd2 Kg7 38. Nf1 Kf8 39. Be2 Ke7 40. Bf3 Be8 41. Ne3 Bc6 42. h4 Ke8 43. Nc4 Nd7 44. Nxb6 Nxb6 45. Kc5 Nxa4+ 46. Kxc6 Nc3 47. Kb6 a4 48. bxa4 Nxa4+ 49. Kb5 Nb2 50. Be2 1-0

[Event "Montreal-ch"]
[Site "Montreal CAN"]
[Date "1993.09.05"]
[Round "3"]
[White "Rousseau, Daniel"]
[Black "Levtchouk, George"]
[Result "0-1"]
[WhiteElo "2129"]
[BlackElo "2302"]
[PlyCount "50"]
[GameId "2160767912269989"]
[EventDate "1993.09.04"]
[EventType "swiss"]
[EventRounds "5"]
[EventCountry "CAN"]
[SourceTitle "EXT 2022"]
[Source "ChessBase"]
[SourceDate "2021.10.06"]
[SourceVersion "1"]
[SourceVersionDate "2021.10.06"]
[SourceQuality "1"]

1. e4 g6 2. d4 Bg7 3. Nc3 d6 4. Be3 a6 5. Qd2 b5 6. f3 Nd7 7. g4 c5 8. O-O-O Bb7 9. h4 h5 10. g5 b4 11. Nce2 e6 12. dxc5 dxc5 13. Nf4 Qc8 14. Rh2 Ne7 15. Qd6 Be5 16. Qd2 Nb6 17. Qe1 Na4 18. Rhd2 Bxb2+ 19. Kb1 Bg7 20. Nge2 O-O 21. Bh3 Nc3+ 22. Nxc3 bxc3 23. Rd6 Bxe4 24. Bc1 Qb7+ 25. Ka1 Bxc2 0-1

[Event "Montreal-ch"]
[Site "Montreal CAN"]
[Date "1993.09.06"]
[Round "4"]
[White "Abreu Cordero, Jose"]
[Black "Rousseau, Daniel"]
[Result "1-0"]
[WhiteElo "1952"]
[BlackElo "2129"]
[PlyCount "41"]
[GameId "2160767912269993"]
[EventDate "1993.09.04"]
[EventType "swiss"]
[EventRounds "5"]
[EventCountry "CAN"]
[SourceTitle "EXT 2022"]
[Source "ChessBase"]
[SourceDate "2021.10.06"]
[SourceVersion "1"]
[SourceVersionDate "2021.10.06"]
[SourceQuality "1"]

1. d4 Nf6 2. c4 g6 3. Nc3 Bg7 4. Nf3 O-O 5. e3 d6 6. Be2 Nbd7 7. O-O e5 8. Rb1 a5 9. a3 exd4 10. exd4 c5 11. Nb5 d5 12. Bg5 dxc4 13. Bxc4 cxd4 14. Nfxd4 Ne5 15. Be2 h6 16. Bf4 Nd5 17. Bg3 f5 18. Bxe5 Bxe5 19. Bc4 Bxd4 20. Qxd4 Be6 21. Rbd1 1-0

[Event "Festival gourmands"]
[Site "Asbestos CAN"]
[Date "1993.08.20"]
[Round "1"]
[White "Tremblay, Serge"]
[Black "Rousseau, Daniel"]
[Result "0-1"]
[WhiteElo "1826"]
[BlackElo "2061"]
[PlyCount "46"]
[GameId "2160767912270015"]
[EventDate "1993.08.20"]
[EventType "swiss"]
[EventRounds "5"]
[EventCountry "CAN"]
[SourceTitle "hb 2011"]

1. c4 Nf6 2. Nf3 g6 3. g3 Bg7 4. Bg2 O-O 5. O-O d6 6. d4 Nc6 7. Nc3 Bg4 8. h3 Bxf3 9. Bxf3 e5 10. Bxc6 bxc6 11. dxe5 dxe5 12. Qa4 Qc8 13. Kh2 Qe6 14. e4 Nd7 15. b3 a5 16. Be3 f5 17. Rae1 f4 18. Bd2 Nc5 19. Qa3 Nd3 20. Rd1 fxg3+ 21. fxg3 Nf2 22. g4 Qf6 23. Be3 Qh4 0-1

[Event "Festival gourmands"]
[Site "Asbestos CAN"]
[Date "1993.08.21"]
[Round "2"]
[White "Rousseau, Daniel"]
[Black "Beregovoy, Alexander"]
[Result "0-1"]
[WhiteElo "2061"]
[BlackElo "2333"]
[PlyCount "142"]
[GameId "2160767912270020"]
[EventDate "1993.08.20"]
[EventType "swiss"]
[EventRounds "5"]
[EventCountry "CAN"]
[SourceTitle "hb 2011"]

1. e4 Nf6 2. e5 Nd5 3. d4 d6 4. Nf3 Bg4 5. Be2 e6 6. O-O Be7 7. c4 Nb6 8. Nc3 O-O 9. Be3 d5 10. c5 Bxf3 11. gxf3 Nc8 12. f4 f5 13. Bf3 c6 14. b4 b6 15. Qb3 Kh8 16. Rfd1 a6 17. cxb6 Nxb6 18. Na4 Nxa4 19. Qxa4 Ra7 20. Be2 g5 21. Qa5 gxf4 22. Qxd8 Rxd8 23. Bxf4 Bxb4 24. Rab1 Rg8+ 25. Kh1 a5 26. Rd3 Nd7 27. Bh5 Nf8 28. a3 Be7 29. Bh6 Ng6 30. Rb6 Rc7 31. Rc3 Bh4 32. Rcxc6 Rxc6 33. Rxc6 Bxf2 34. Bg5 Bh4 35. Bxh4 Nxh4 36. Rxe6 Rg5 37. Bd1 Rg2 38. Rh6 Rd2 39. Rxh4 Rxd1+ 40. Kg2 Rd3 41. a4 Kg7 42. Rf4 Kg6 43. Kf2 Kg5 44. Ke2 Ra3 45. Rf2 Kg6 46. Rg2+ Kf7 47. Rg5 Ke6 48. Rh5 f4 49. Rh6+ Kf5 50. Rf6+ Ke4 51. e6 Ra2+ 52. Kd1 Kd3 53. Ke1 Rxh2 54. Kf1 Re2 55. Rh6 f3 56. Rxh7 Rxe6 57. Kf2 Ra6 58. Rh4 Rb6 59. Rf4 Rb2+ 60. Kxf3 Rb4 61. Kf2 Rxa4 62. Rf3+ Ke4 63. Rf8 Ra2+ 64. Ke1 Kxd4 65. Kd1 Ke3 66. Re8+ Kd3 67. Ke1 d4 68. Kf1 Re2 69. Ra8 Re5 70. Rd8 Kc3 71. Rc8+ Kd2 0-1

[Event "Festival gourmands"]
[Site "Asbestos CAN"]
[Date "1993.08.21"]
[Round "3"]
[White "Villeneuve, Robert"]
[Black "Rousseau, Daniel"]
[Result "0-1"]
[WhiteElo "1855"]
[BlackElo "2061"]
[PlyCount "50"]
[GameId "2160767912270027"]
[EventDate "1993.08.20"]
[EventType "swiss"]
[EventRounds "5"]
[EventCountry "CAN"]
[SourceTitle "hb 2011"]

1. e4 e5 2. Nf3 Nc6 3. Bc4 Nf6 4. Ng5 d5 5. exd5 Na5 6. Bb5+ c6 7. dxc6 bxc6 8. Be2 h6 9. Nh3 Bd6 10. d3 Qc7 11. Nc3 Nb7 12. Ng1 O-O 13. Bf3 Nc5 14. Nge2 Re8 15. Ng3 e4 16. dxe4 Ba6 17. Qd4 Ncxe4 18. Ncxe4 Nxe4 19. Nxe4 f5 20. Be3 fxe4 21. Bxe4 Be5 22. Qa4 Bb5 23. Qb3+ Kh8 24. Bd3 Qa5+ 25. Bd2 Bc3+ 0-1

[Event "Festival gourmands"]
[Site "Asbestos CAN"]
[Date "1993.08.22"]
[Round "4"]
[White "Rousseau, Daniel"]
[Black "Daigle, Gilles"]
[Result "1-0"]
[WhiteElo "2061"]
[BlackElo "1984"]
[PlyCount "35"]
[GameId "2160767912270034"]
[EventDate "1993.08.20"]
[EventType "swiss"]
[EventRounds "5"]
[EventCountry "CAN"]
[SourceTitle "hb 2011"]

1. e4 c5 2. Nf3 d6 3. d4 cxd4 4. Nxd4 Nf6 5. Nc3 a6 6. Bg5 e6 7. f4 Be7 8. Qf3 Qc7 9. O-O-O b5 10. e5 Bb7 11. Qg3 dxe5 12. fxe5 Nh5 13. Qh4 g6 14. Bxb5+ axb5 15. Ndxb5 Bxg5+ 16. Qxg5 Qb6 17. Nd6+ Kf8 18. Rhf1 1-0

[Event "Festival gourmands"]
[Site "Asbestos CAN"]
[Date "1993.08.22"]
[Round "5"]
[White "Rousseau, Daniel"]
[Black "Levtchouk, George"]
[Result "1-0"]
[WhiteElo "2061"]
[BlackElo "2328"]
[PlyCount "165"]
[GameId "2160767912270036"]
[EventDate "1993.08.20"]
[EventType "swiss"]
[EventRounds "5"]
[EventCountry "CAN"]
[SourceTitle "Echec+ 1993.11"]

1. e4 g6 2. d4 Bg7 3. Nc3 d6 4. Be3 a6 5. Qd2 b5 6. O-O-O b4 7. Nce2 a5 8. f3 Nd7 9. g4 h5 10. gxh5 Rxh5 11. Ng3 Rh8 12. Bb5 Rb8 13. Qd3 e6 14. f4 Bb7 15. d5 exd5 16. exd5 Qf6 17. Qb3 Ne7 18. N1e2 Bxd5 19. Rxd5 Qxb2+ 20. Qxb2 Bxb2+ 21. Kxb2 Nxd5 22. Bd4 Rh4 23. Bc6 Ne7 24. Ba4 Kd8 25. Ne4 Nf5 26. Bf2 Rh8 27. Ng5 Ke7 28. Nd4 Nxd4 29. Bxd4 Rh4 30. Re1+ Ne5 31. Nf3 Rh3 32. Bc6 f6 33. fxe5 fxe5 34. Be3 Rf8 35. Bg5+ Kf7 36. Re2 Kg7 37. Ng1 Rc3 38. Be4 Rc4 39. h4 Rf1 40. Nh3 a4 41. Bd2 c6 42. Bg2 Rd1 43. Nf2 Rg1 44. Nh3 Rd1 45. Nf2 Rg1 46. Nd3 c5 47. Be1 Rd4 48. Bc6 a3+ 49. Kc1 Rxh4 50. Kd2 Rh8 51. Bd5 Rg4 52. Rf2 Rf8 53. Rxf8 Kxf8 54. Ke3 Ke7 55. Bf2 Kd7 56. Kf3 Rg5 57. Be3 Rh5 58. Kg3 Kc7 59. Nf2 Rh8 60. Bg5 Rh7 61. Bf6 Rh5 62. Ne4 Kd7 63. Ng5 Rh6 64. Bf3 c4 65. Bd5 b3 66. cxb3 cxb3 67. Bxb3 Rh1 68. Ne4 Rb1 69. Nd2 Rb2 70. Bg5 Kc6 71. Kf3 d5 72. Ke3 Kd6 73. Kd3 Kc6 74. Kc3 Kd6 75. Kb4 e4 76. Bf4+ Ke6 77. Kxa3 Rxd2 78. Bxd2 Ke5 79. Kb4 d4 80. Kc4 e3 81. Be1 g5 82. Kd3 Kd6 83. Kxd4 1-0

[Event "Quebec op"]
[Site "Montreal CAN"]
[Date "1993.07.31"]
[Round "1"]
[White "Rousseau, Daniel"]
[Black "Morin, Yves"]
[Result "1/2-1/2"]
[WhiteElo "1995"]
[BlackElo "2374"]
[PlyCount "93"]
[GameId "2160767912278319"]
[EventDate "1993.07.31"]
[EventType "swiss"]
[EventRounds "8"]
[EventCountry "CAN"]
[SourceTitle "EXT 2022"]
[Source "ChessBase"]
[SourceDate "2021.10.06"]
[SourceVersion "1"]
[SourceVersionDate "2021.10.06"]
[SourceQuality "1"]

1. e4 g6 2. d4 Bg7 3. c4 c5 4. d5 d6 5. Nc3 Nf6 6. Nf3 O-O 7. Be2 e6 8. dxe6 Bxe6 9. Bf4 Nc6 10. Bxd6 Re8 11. O-O Qa5 12. e5 Nd7 13. Ng5 Ndxe5 14. Nxe6 Rxe6 15. f4 Rxd6 16. Nd5 Re8 17. fxe5 Bxe5 18. Kh1 Qd8 19. g3 Nd4 20. Bg4 Qg5 21. Bh3 h5 22. Qc1 Qxc1 23. Raxc1 Kg7 24. Rce1 Rdd8 25. Bg2 f5 26. Rb1 Bd6 27. b4 b6 28. bxc5 Bxc5 29. a4 Nc2 30. a5 Ne3 31. Nxe3 Rxe3 32. axb6 axb6 33. Rbd1 Rxd1 34. Rxd1 Re8 35. Rd7+ Kf6 36. Bd5 Rb8 37. Rf7+ Ke5 38. Rg7 f4 39. Rxg6 fxg3 40. hxg3 b5 41. Re6+ Kf5 42. cxb5 Rxb5 43. Re2 Bd6 44. Bf3 Bxg3 45. Bxh5 Kf4 46. Be8 Rb6 47. Rc2 1/2-1/2

[Event "Quebec op"]
[Site "Montreal CAN"]
[Date "1993.08.01"]
[Round "2"]
[White "Charest, Johanne"]
[Black "Rousseau, Daniel"]
[Result "0-1"]
[WhiteElo "1850"]
[BlackElo "1995"]
[PlyCount "42"]
[GameId "2160767912278327"]
[EventDate "1993.07.31"]
[EventType "swiss"]
[EventRounds "8"]
[EventCountry "CAN"]
[SourceTitle "EXT 2022"]
[Source "ChessBase"]
[SourceDate "2021.10.06"]
[SourceVersion "1"]
[SourceVersionDate "2021.10.06"]
[SourceQuality "1"]

1. e4 e5 2. Nf3 Nc6 3. Bc4 Nf6 4. d4 exd4 5. O-O Be7 6. Re1 d6 7. Nxd4 Ne5 8. Bb3 O-O 9. Bg5 c5 10. Nf5 Bxf5 11. exf5 c4 12. Ba4 a6 13. f4 Neg4 14. c3 d5 15. Bxf6 Bxf6 16. Qd2 Qb6+ 17. Kf1 Nxh2+ 18. Ke2 d4 19. cxd4 Bxd4 20. Nc3 Rad8 21. Qc1 Be3 0-1

[Event "Quebec op"]
[Site "Montreal CAN"]
[Date "1993.08.02"]
[Round "3"]
[White "Rousseau, Daniel"]
[Black "Cazelais, Marc"]
[Result "1-0"]
[WhiteElo "1995"]
[BlackElo "2174"]
[PlyCount "71"]
[GameId "2160767912278344"]
[EventDate "1993.07.31"]
[EventType "swiss"]
[EventRounds "8"]
[EventCountry "CAN"]
[SourceTitle "EXT 2022"]
[Source "ChessBase"]
[SourceDate "2021.10.06"]
[SourceVersion "1"]
[SourceVersionDate "2021.10.06"]
[SourceQuality "1"]

1. e4 c5 2. Nf3 Nc6 3. d4 cxd4 4. Nxd4 Nf6 5. Nc3 e5 6. Nf3 Bb4 7. Bc4 O-O 8. Qd3 d5 9. Bxd5 Nxd5 10. Qxd5 Qxd5 11. exd5 Nd4 12. Nxd4 exd4 13. a3 Re8+ 14. Kf1 Ba5 15. b4 Bb6 16. Nb5 Re5 17. c4 Bf5 18. Bf4 Bd3+ 19. Kg1 Re4 20. Bg3 Re2 21. Nd6 a5 22. b5 Bc5 23. Nxb7 Bxa3 24. h3 Bb4 25. c5 Bxb5 26. c6 d3 27. Kh2 d2 28. f3 Re3 29. Bd6 Bc3 30. Rab1 Re1 31. Bg3 Rxh1+ 32. Kxh1 Ba4 33. Nc5 d1=Q+ 34. Rxd1 Bxd1 35. d6 Bc2 36. d7 1-0

[Event "Quebec op"]
[Site "Montreal CAN"]
[Date "1993.08.03"]
[Round "4"]
[White "Beregovoy, Alexander"]
[Black "Rousseau, Daniel"]
[Result "1-0"]
[WhiteElo "2319"]
[BlackElo "1995"]
[PlyCount "61"]
[GameId "2160767912278351"]
[EventDate "1993.07.31"]
[EventType "swiss"]
[EventRounds "8"]
[EventCountry "CAN"]
[SourceTitle "EXT 2022"]
[Source "ChessBase"]
[SourceDate "2021.10.06"]
[SourceVersion "1"]
[SourceVersionDate "2021.10.06"]
[SourceQuality "1"]

1. d4 Nf6 2. Nf3 g6 3. Bf4 Bg7 4. e3 O-O 5. c3 d6 6. h3 Nbd7 7. Be2 Qe8 8. O-O e5 9. dxe5 dxe5 10. Bh2 Ne4 11. Nbd2 Nxd2 12. Qxd2 Qe7 13. Rfd1 e4 14. Nd4 Ne5 15. Qc2 f5 16. Qb3+ Kh8 17. Qb4 c5 18. Qa3 a6 19. Nb5 f4 20. Bxf4 Bxh3 21. Nd6 Bg4 22. Bxg4 Nxg4 23. Bg3 h5 24. Qxc5 h4 25. Bf4 Nxf2 26. Kxf2 g5 27. Rd5 b6 28. Qc4 Rxf4+ 29. exf4 Rf8 30. Kg1 Rxf4 31. Rf1 1-0

[Event "Quebec op"]
[Site "Montreal CAN"]
[Date "1993.08.04"]
[Round "5"]
[White "Rousseau, Daniel"]
[Black "Rouleau, Paul"]
[Result "1-0"]
[WhiteElo "1995"]
[BlackElo "1900"]
[PlyCount "67"]
[GameId "2160767912278372"]
[EventDate "1993.07.31"]
[EventType "swiss"]
[EventRounds "8"]
[EventCountry "CAN"]
[SourceTitle "hb 2011"]

1. e4 e5 2. Nf3 Nc6 3. Bb5 a6 4. Ba4 Nf6 5. O-O b5 6. Bb3 Be7 7. Re1 O-O 8. a4 Bb7 9. d3 d6 10. Nc3 Na5 11. Ba2 c5 12. axb5 axb5 13. Nxb5 Nc6 14. Bd2 Kh8 15. Ng5 d5 16. exd5 Nxd5 17. Qh5 Bxg5 18. Bxg5 f6 19. Bd2 Ncb4 20. Bb3 Qd7 21. Nc3 Nxc3 22. bxc3 Nd5 23. f3 g5 24. Qh6 Rg8 25. Bxd5 Rxa1 26. Qxf6+ Qg7 27. Qxg7+ Rxg7 28. Rxa1 Bxd5 29. Ra5 g4 30. fxg4 Rxg4 31. g3 e4 32. d4 e3 33. Bxe3 Re4 34. Kf2 1-0

[Event "Quebec op"]
[Site "Montreal CAN"]
[Date "1993.08.05"]
[Round "6"]
[White "Leveille, Francois"]
[Black "Rousseau, Daniel"]
[Result "1-0"]
[WhiteElo "2333"]
[BlackElo "1995"]
[PlyCount "131"]
[GameId "2160767912278382"]
[EventDate "1993.07.31"]
[EventType "swiss"]
[EventRounds "8"]
[EventCountry "CAN"]
[SourceTitle "EXT 2022"]
[Source "ChessBase"]
[SourceDate "2021.10.06"]
[SourceVersion "1"]
[SourceVersionDate "2021.10.06"]
[SourceQuality "1"]

1. e4 e5 2. Nf3 Nc6 3. Bb5 a6 4. Ba4 Nf6 5. O-O Be7 6. Re1 b5 7. Bb3 O-O 8. c3 d6 9. h3 Bb7 10. d4 Re8 11. Nbd2 Bf8 12. Bc2 g6 13. d5 Ne7 14. b4 c6 15. dxc6 Nxc6 16. a4 Qc7 17. Nb3 Rac8 18. Bg5 Nd7 19. Bd3 bxa4 20. Nbd2 Ncb8 21. c4 Nb6 22. Be3 N8d7 23. Qb1 Rb8 24. Qa2 h6 25. Nb1 Bc6 26. Nc3 Ra8 27. Rec1 Qd8 28. Qd2 Kh7 29. Nh2 Qe7 30. c5 dxc5 31. bxc5 Nxc5 32. Bxc5 Qxc5 33. Nd5 Qd6 34. Nxb6 Rad8 35. Rxc6 Qxc6 36. Nd5 Rc8 37. Ng4 Re6 38. Kh2 h5 39. Nge3 a3 40. Nc4 Qa4 41. Qa2 Rb8 42. Bc2 Qc6 43. Bd1 Qc5 44. Ba4 a5 45. Bd7 Ra6 46. Nxa3 Qd4 47. Rb1 Rxb1 48. Nxb1 Qxe4 49. Nbc3 Qe1 50. Qc4 Ra7 51. Nf6+ Kg7 52. Ne8+ Kg8 53. Nf6+ Kg7 54. Ne8+ Kg8 55. Ne4 Be7 56. Qd5 Qa1 57. Qd2 Kh7 58. N4f6+ Bxf6 59. Nxf6+ Kg7 60. Qg5 Kf8 61. Nd5 e4 62. Bc6 Qd4 63. Qh6+ Kg8 64. Qf4 Kg7 65. Nc7 Qf6 66. Ne8+ 1-0

[Event "Quebec op"]
[Site "Montreal CAN"]
[Date "1993.08.06"]
[Round "7"]
[White "Teuton, Frank"]
[Black "Rousseau, Daniel"]
[Result "1-0"]
[WhiteElo "2099"]
[BlackElo "1995"]
[PlyCount "65"]
[GameId "2160767912278396"]
[EventDate "1993.07.31"]
[EventType "swiss"]
[EventRounds "8"]
[EventCountry "CAN"]
[SourceTitle "EXT 2022"]
[Source "ChessBase"]
[SourceDate "2021.10.06"]
[SourceVersion "1"]
[SourceVersionDate "2021.10.06"]
[SourceQuality "1"]

1. e4 e5 2. Nc3 Nf6 3. g3 Bc5 4. Bg2 Nc6 5. Nge2 O-O 6. O-O d6 7. Na4 Bg4 8. Nxc5 dxc5 9. f3 Be6 10. b3 a5 11. Bb2 a4 12. d3 Nd7 13. f4 f6 14. f5 Bf7 15. g4 Qe7 16. Ng3 Rfd8 17. Qe2 b5 18. h4 c4 19. bxc4 bxc4 20. Kh2 a3 21. Bc1 Nc5 22. g5 cxd3 23. cxd3 Kh8 24. g6 Bg8 25. Nh5 Nxd3 26. Bh6 gxh6 27. g7+ Qxg7 28. Nxg7 Kxg7 29. Qg4+ Kh8 30. Qh5 Rf8 31. Qxh6 Ncb4 32. Rg1 Nf4 33. Bf1 1-0

[Event "Quebec op"]
[Site "Montreal CAN"]
[Date "1993.08.07"]
[Round "8"]
[White "Rousseau, Daniel"]
[Black "Yip, Michael"]
[Result "1-0"]
[WhiteElo "1995"]
[BlackElo "1850"]
[PlyCount "137"]
[GameId "2160767912278406"]
[EventDate "1993.07.31"]
[EventType "swiss"]
[EventRounds "8"]
[EventCountry "CAN"]
[SourceTitle "hb 2011"]

1. e4 c5 2. Nf3 d6 3. d4 cxd4 4. Nxd4 Nf6 5. Nc3 a6 6. Bg5 e6 7. f4 Qb6 8. Nb3 Nbd7 9. Qf3 Qc7 10. O-O-O Be7 11. Bd3 h6 12. Bh4 g5 13. Bg3 gxf4 14. Bxf4 Ne5 15. Bxe5 dxe5 16. Nd2 Bd7 17. Nc4 b5 18. Ne3 O-O-O 19. Kb1 Kb8 20. Rc1 Bc6 21. Ncd1 Qb7 22. Nf2 Rd4 23. Rce1 Rg8 24. Neg4 Nxg4 25. Nxg4 f5 26. Nxe5 Bxe4 27. Bxe4 fxe4 28. Qf7 Rc8 29. Qxe6 Qc7 30. Re2 Rcd8 31. c3 R8d6 32. Qb3 Rd2 33. Rxd2 Rxd2 34. Qe6 Rd6 35. Qg4 Bf6 36. Ng6 Rd2 37. Qf4 Qxf4 38. Nxf4 Bg5 39. g3 Rf2 40. Nh3 Rg2 41. Nxg5 hxg5 42. Re1 Rxh2 43. Rxe4 Rf2 44. Re5 Kb7 45. Rxg5 Kb6 46. Rg6+ Kc5 47. Rxa6 Rg2 48. Rg6 Kc4 49. Rg4+ Kc5 50. a4 bxa4 51. Rxa4 Rxg3 52. Kc2 Rh3 53. Ra5+ Kb6 54. b4 Rh2+ 55. Kb3 Rh3 56. Rd5 Kc6 57. Rf5 Kb6 58. Kc4 Rh4+ 59. Kd3 Rh3+ 60. Kd4 Rh4+ 61. Ke3 Rc4 62. Kd3 Rh4 63. c4 Rh3+ 64. Kd4 Rh4+ 65. Kd5 Rh1 66. Rf6+ Kc7 67. c5 Rd1+ 68. Kc4 Rc1+ 69. Kb5 1-0

[Event "Specialiste Automne"]
[Site "Montreal CAN"]
[Date "1990.09.23"]
[Round "4"]
[White "Rousseau, Daniel"]
[Black "Charest, Johanne"]
[Result "1-0"]
[WhiteElo "2063"]
[BlackElo "1718"]
[PlyCount "63"]
[GameId "2160767912464443"]
[EventDate "1990.09.22"]
[EventType "swiss"]
[EventRounds "4"]
[EventCountry "CAN"]

1. e4 e5 2. Nf3 Nc6 3. Bc4 Be7 4. O-O Nf6 5. Nc3 d6 6. h3 O-O 7. d3 Be6 8. Bb5 Na5 9. d4 exd4 10. Nxd4 Bc4 11. Bxc4 Nxc4 12. Nf5 h6 13. Qe2 Ne5 14. f4 Ng6 15. Bd2 Re8 16. Rae1 Qd7 17. Qd3 Bf8 18. Nd4 Qe7 19. g4 Nh7 20. Nf5 Qd8 21. Qg3 Be7 22. Nd5 Nf6 23. Qc3 c6 24. Ndxe7+ Nxe7 25. Nxh6+ Kf8 26. g5 Nh7 27. Ng4 Ng6 28. h4 Qd7 29. Qh3 b6 30. h5 Ne7 31. h6 g6 32. f5 1-0

[Event "Longueuil CC Invitation"]
[Site "Longueuil CAN"]
[Date "1990.09.07"]
[Round "1"]
[White "Cazelais, Marc"]
[Black "Rousseau, Daniel"]
[Result "1/2-1/2"]
[WhiteElo "2054"]
[BlackElo "2063"]
[PlyCount "74"]
[GameId "2160767912464455"]
[EventDate "1990.09.07"]
[EventType "tourn"]
[EventRounds "7"]
[EventCountry "CAN"]
[SourceTitle "FQE 04"]

1. e4 e5 2. Nf3 Nc6 3. Bb5 a6 4. Ba4 Nf6 5. O-O b5 6. Bb3 Be7 7. d4 exd4 8. e5 Ne4 9. Bd5 Nc5 10. Nxd4 Bb7 11. Nf5 O-O 12. Re1 Ne6 13. Qg4 g6 14. Bh6 Re8 15. Bxe6 dxe6 16. Nxe7+ Nxe7 17. Bg5 h5 18. Qh3 Qd5 19. Nc3 Qc5 20. Rac1 Rad8 21. Qe3 Qb4 22. Bxe7 Rxe7 23. b3 Rd4 24. f3 Qc5 25. Rcd1 Red7 26. Ne2 Rxd1 27. Qxc5 Rxe1+ 28. Kf2 Red1 29. c3 R1d5 30. Qe3 c5 31. Nf4 Rd2+ 32. Kg3 c4 33. bxc4 bxc4 34. Kh4 Rxa2 35. Nxh5 gxh5 36. Qg5+ Kf8 37. Qh6+ Ke7 1/2-1/2